| 000 | 01262cab a2200217 4500 | ||
|---|---|---|---|
| 001 | ##L130984 | ||
| 008 | 050404n2002 000 0 eng u | ||
| 035 | _a(Sirsi) u130984 | ||
| 041 | 0 | _aeng | |
| 050 | 0 | 4 | _a630.142 $2 18 |
| 110 | 2 |
_aRoyal Institution of Chartered Surveyors _bPolicy Unit _94169 |
|
| 245 |
_aRICS rural land market survey Great Britain _bfirst quarter 2002 |
||
| 260 |
_aLondon _bRICS _c2002 |
||
| 490 |
_aRICS Rural Land Market Survey Great Britain _vFirst Quarter 2002 |
||
| 520 | _aFarmland values increased in the first quarter of this year, a third consecutive rise. Despite the passing of Foot-and-Mouth Disease, values continue to strengthen. The shortage of available farmland is the chief factor continuing to hold up prices. Demand has also strengthened since the previous quarter. Though price declines are still envisaged, expectations are considerably less pessimistic than in the same quarter last year. | ||
| 650 | 2 | 4 | _aRICS RURAL LAND MARKET SURVEY GREAT BRITAIN |
| 650 | 2 | 4 | _aFOOT-AND-MOUTH DISEASE |
| 690 | _aPROPERTY-RURAL AND NATURAL ASSETS | ||
| 856 |
_uhttps://www.rics.org/profession-standards/knowledge-and-information-services/document-delivery-and-o _zemail [email protected] to request a copy |
||
| 942 | _n0 | ||
| 999 |
_c104611 _d104611 |
||